000 00457nam a2200145 a 4500
001 000006712
005 20200929153959.0
008 090902s2008 dr 001 spa d
040 _aDO-SdBNP
_bspa
_cBNPHU
082 _axxx
_bR434i
110 1 _aRepública Dominicana. Suprema Corte de Justicia
_97906
245 1 0 _aResoluciones de interés general de la Suprema Corte de Justicia.
260 _aSanto Domingo, :
_bMargraf,
_c2008.
300 _a271 p. ;
_c22 cm.
999 _c6501
_d6501